<?xml version="1.0" encoding="UTF-8"?>
<record
    xmlns:xsi="http://www.w3.org/2001/XMLSchema-instance"
    xsi:schemaLocation="http://www.loc.gov/MARC21/slim http://www.loc.gov/standards/marcxml/schema/MARC21slim.xsd"
    xmlns="http://www.loc.gov/MARC21/slim">

  <leader>02710cam a2200217   4500</leader>
  <controlfield tag="001">3817</controlfield>
  <controlfield tag="005">20181127172041.0</controlfield>
  <controlfield tag="008">120302s2012    nyu           000 1 eng</controlfield>
  <datafield tag="010" ind1=" " ind2=" ">
    <subfield code="a">  2012006335</subfield>
  </datafield>
  <datafield tag="020" ind1=" " ind2=" ">
    <subfield code="a">9780007490783</subfield>
  </datafield>
  <datafield tag="100" ind1="1" ind2=" ">
    <subfield code="a">Mantel, Hilary,</subfield>
    <subfield code="d">1952-</subfield>
  </datafield>
  <datafield tag="245" ind1="1" ind2="0">
    <subfield code="a">Bring up the bodies :</subfield>
    <subfield code="b">a novel /</subfield>
    <subfield code="c">Hilary Mantel.</subfield>
  </datafield>
  <datafield tag="260" ind1=" " ind2=" ">
    <subfield code="a">London :</subfield>
    <subfield code="b">Fourth Estate,</subfield>
    <subfield code="c">2012.</subfield>
  </datafield>
  <datafield tag="300" ind1=" " ind2=" ">
    <subfield code="a">xiii, 411 p. ;</subfield>
    <subfield code="c">19 cm.</subfield>
  </datafield>
  <datafield tag="500" ind1=" " ind2=" ">
    <subfield code="a">Sequel to: Wolf Hall.</subfield>
  </datafield>
  <datafield tag="520" ind1=" " ind2=" ">
    <subfield code="a">"The sequel to Hilary Mantel's 2009 Man Booker Prize winner  and New York Times bestseller, Wolf Hall delves into the  heart of Tudor history with the downfall of Anne Boleyn  Though he battled for seven years to marry her, Henry is  disenchanted with Anne Boleyn. She has failed to give him a  son and her sharp intelligence and audacious will alienate  his old friends and the noble families of England. When the  discarded Katherine dies in exile from the court, Anne  stands starkly exposed, the focus of gossip and malice. At a  word from Henry, Thomas Cromwell is ready to bring her down.  Over three terrifying weeks, Anne is ensnared in a web of  conspiracy, while the demure Jane Seymour stands waiting her  turn for the poisoned wedding ring. But Anne and her  powerful family will not yield without a ferocious struggle.  Hilary Mantel's Bring Up the Bodies follows the dramatic  trial of the queen and her suitors for adultery and treason.  To defeat the Boleyns, Cromwell must ally with his natural  enemies, the papist aristocracy. What price will he pay for  Anne's head?"--</subfield>
    <subfield code="c">Provided by publisher.</subfield>
  </datafield>
  <datafield tag="520" ind1=" " ind2=" ">
    <subfield code="a">"Though he battled for seven years to marry her, Henry is  disenchanted with Anne Boleyn. She has failed to give him a  son and her sharp intelligence and audacious will alienate  his old friends and the noble families of England. When the  discarded Katherine dies in exile from the court, Anne  stands starkly exposed, the focus of gossip and malice. At a  word from Henry, Thomas Cromwell is ready to bring her down.  Over three terrifying weeks, Anne is ensnared in a web of  conspiracy, while the demure Jane Seymour stands waiting her  turn for the poisoned wedding ring. But Anne and her  powerful family will not yield without a ferocious struggle.  Hilary Mantel's Bring Up the Bodies follows the dramatic  trial of the queen and her suitors for adultery and treason.  To defeat the Boleyns, Cromwell must ally with his natural  enemies, the papist aristocracy. What price will he pay for  Anne's head?"--</subfield>
    <subfield code="c">Provided by publisher.</subfield>
  </datafield>
  <datafield tag="600" ind1="1" ind2="0">
    <subfield code="a">Cromwell, Thomas,</subfield>
    <subfield code="c">Earl of Essex,</subfield>
    <subfield code="d">1485?-1540</subfield>
    <subfield code="v">Fiction.</subfield>
  </datafield>
  <datafield tag="651" ind1=" " ind2="0">
    <subfield code="a">Great Britain</subfield>
    <subfield code="x">History</subfield>
    <subfield code="y">Henry VIII, 1509-1547</subfield>
    <subfield code="v">Fiction.</subfield>
  </datafield>
  <datafield tag="655" ind1=" " ind2="7">
    <subfield code="a">Historical fiction.</subfield>
    <subfield code="2">gsafd</subfield>
  </datafield>
  <datafield tag="999" ind1=" " ind2=" ">
    <subfield code="c">3122</subfield>
    <subfield code="d">3122</subfield>
  </datafield>
  <datafield tag="952" ind1=" " ind2=" ">
    <subfield code="0">0</subfield>
    <subfield code="1">0</subfield>
    <subfield code="2">ddc</subfield>
    <subfield code="4">0</subfield>
    <subfield code="7">0</subfield>
    <subfield code="8">FIC</subfield>
    <subfield code="a">RTCLIB</subfield>
    <subfield code="b">RTCLIB</subfield>
    <subfield code="c">FIC</subfield>
    <subfield code="d">2022-04-07</subfield>
    <subfield code="h"> </subfield>
    <subfield code="i">6499</subfield>
    <subfield code="o">FIC 813.54 MAN</subfield>
    <subfield code="p">30006365</subfield>
    <subfield code="r">2022-01-03 00:00:00</subfield>
    <subfield code="w">2018-11-27</subfield>
    <subfield code="y">FIC</subfield>
  </datafield>
</record>
